In search of sustainable development: Scenario in a tribal village of Madhya Pradesh (Record no. 174452)

MARC details
000 -LEADER
fixed length control field 00424nam a2200145Ia 4500
008 - FIXED-LENGTH DATA ELEMENTS--GENERAL INFORMATION
fixed length control field 230917s9999||||xx |||||||||||||| ||und||
040 ## - CATALOGING SOURCE
-- 204483
Original cataloging agency VIVEKANANDA LIBRARY
041 ## - Language
-- English
082 ## - DDC NUMBER
Classification number 301.446 C393I
100 ## - MAIN ENTRY--PERSONAL NAME
Personal name Chaudhary, S N
245 #0 - TITLE STATEMENT
Title In search of sustainable development: Scenario in a tribal village of Madhya Pradesh
260 ## - PUBLICATION, DISTRIBUTION, ETC. (IMPRINT)
Place of publication, distribution, etc New Delhi
Name of publisher, distributor, etc Serials Publications
Date of publication, distribution, etc 2012
300 ## - PHYSICAL DESCRIPTION
Pages x, 223 p.
942 ## - ADDED ENTRY ELEMENTS (KOHA)
Koha item type Books
Holdings
Withdrawn status Lost status Damaged status Not for loan Location (home branch) Sublocation or collection (holding branch) Date acquired Koha issues (times borrowed) Koha full call number Accession No. Koha date last seen Koha item type
        VIVEKANANDA LIBRARY VIVEKANANDA LIBRARY 31/12/2012   301.446 C393I 327608 17/09/2023 Books
© Designed and Maintained by Vivekananda Library, MDU Rohtak